Statistiche per Paesi più vicini all'Algeria - Sprint di un minuto

Clicka qui per fare il quiz!

Statistiche generali

  • Questo quiz è stato fatto 33 volte
  • Il punteggio medio è 12 su 20

Statistiche sulle risposte

kmnazione% Corretto
0Tunisia
97%
0Marocco
94%
0Libia
90%
0Mauritania
90%
0Mali
84%
312Ciad
81%
214Italia
81%
68Spagna
81%
0Niger
77%
494Francia
65%
521Portogallo
65%
500Malta
61%
601Nigeria
58%
613Burkina Faso
42%
739Monaco
35%
838San Marino
35%
642Città del Vaticano
29%
637Andorra
13%
733Benin
13%
0Sahara Occidentale
13%

Distribuzione punteggi

Percentile per numero di risposta

Percentuale di utenti per punteggio

I tuoi punteggi nel tempo

Non hai fatto questo quiz